[Event "Canarias en Red final"]
[Site "Playchess.com INT"]
[Date "2004.05.09"]
[Round "11"]
[White "Gustafsson, Jan"]
[Black "Nakamura, Hikaru"]
[Result "1-0"]
[WhiteElo "2572"]
[BlackElo "2571"]
[PlyCount "95"]
[EventDate "2004.05.09"]
[EventType "swiss (blitz)"]
[EventRounds "13"]
[EventCountry "GER"]
[SourceTitle "EXT 2005"]
[Source "ChessBase"]
[SourceDate "2004.11.15"]
[SourceVersion "1"]
[SourceVersionDate "2004.11.15"]
[SourceQuality "1"]

1. Nf3 Nf6 2. c4 g6 3. Nc3 Bg7 4. e4 d6 5. d4 O-O 6. Be2 e5 7. O-O Na6 8. Be3
Ng4 9. Bg5 Qe8 10. dxe5 dxe5 11. Nd2 f6 12. Bh4 Nh6 13. f3 c6 14. Bf2 Be6 15.
a3 Nf7 16. b4 Bh6 17. Nb3 Qe7 18. Qc2 Rfd8 19. Rfd1 Nd6 20. Na4 Qf7 21. Na5 Bf8
22. c5 Nb5 23. Bxb5 cxb5 24. Nc3 Bc4 25. Rxd8 Rxd8 26. Rd1 Rxd1+ 27. Qxd1 Nb8
28. Nd5 Nc6 29. Nxc4 bxc4 30. Qc2 a5 31. Qxc4 axb4 32. axb4 Kg7 33. b5 Ne7 34.
c6 bxc6 35. bxc6 Qe6 36. c7 Nc8 37. Qb5 h5 38. h3 Kf7 39. Qb8 Qd7 40. Kh2 Bh6
41. g3 h4 42. gxh4 f5 43. Kg2 fxe4 44. fxe4 Kg7 45. Nb6 Nxb6 46. Qxb6 Bf4 47.
Qb7 Qd3 48. c8=Q+ 1-0

[Event "FIDE-Wch k.o."]
[Site "Tripoli"]
[Date "2004.06.19"]
[Round "1.1"]
[White "Nakamura, Hikaru"]
[Black "Volkov, Sergey"]
[Result "1/2-1/2"]
[WhiteElo "2580"]
[BlackElo "2629"]
[Annotator "Psakhis,L"]
[PlyCount "76"]
[EventDate "2004.06.19"]
[EventType "k.o."]
[EventRounds "7"]
[EventCountry "LBY"]
[SourceTitle "CBM 102"]
[Source "ChessBase"]
[SourceDate "2004.09.23"]
[SourceVersion "1"]
[SourceVersionDate "2004.09.23"]
[SourceQuality "1"]

1. e4 e6 2. d4 d5 3. e5 c5 4. c3 Qb6 5. Nf3 Bd7 6. Bd3 cxd4 7. Nxd4 Ne7 (7...
Nc6 8. Nxc6 bxc6 (8... Bxc6 9. Qe2 Ne7 10. Nd2 Ng6 11. Nf3 Be7 12. O-O Qc7 13.
Bd2 Bd7 14. Rae1 O-O 15. Nd4 Bc5 16. Qh5 Bxd4 17. cxd4 f5 18. exf6 Rxf6 19. Bg5
$36 {Grischuk,A-Gurevich,M/Wijk aan Zee-A 2002/CBM 87/[Psakhis,Grischuk]/1/2-1/
2 (42)}) 9. O-O f5 (9... Ne7 10. Nd2 Ng6 11. Nf3 Be7 12. Re1 c5 13. Rb1 Bb5 14.
Bc2 a5 15. Ng5 Rd8 16. b3 Rd7 17. Qf3 Bd8 18. Qh3 Nf8 19. Bd2 h6 20. Nf3 $14 {
1-0 Ehlvest,J-Ibragimov,I/Las Vegas North American op 2003/ (41)}) 10. Nd2 Ne7
11. Nf3 c5 12. Re1 a5 13. Rb1 h6 14. b3 g5 15. a3 Bg7 16. b4 c4 17. Bc2 Qc7 18.
b5 O-O 19. a4 Ng6 20. Ba3 Rf7 21. Bd6 $36 {[%csl Gd6] 1-0 Shabalov,A-Akobian,V/
Denver Levy mem 2003/ (39)}) 8. Nd2 (8. O-O $5 Nbc6 9. Nxc6 Nxc6 10. Qe2 Qc7
11. f4 Bc5+ 12. Kh1 O-O 13. Nd2 f5 14. b4 Bb6 15. a4 a6 16. Nb3 Ne7 17. Bd2
Rfc8 18. Rfc1 Be8 19. Be3 $14 {1-0 Willemze,J-De Jong,M/Amsterdam ACT op 2004/
(90)}) 8... Nbc6 9. Nxc6 Nxc6 10. Nf3 $146 {According to my database, this
position appeared for the first time.} ({White tried few times} 10. Qe2 Qc7 11.
Nf3 h6 12. O-O g5 (12... Be7 13. Re1 a5 14. Bf4 a4 15. Qd2 Kd8 16. Bg3 Kc8 17.
b4 Kb8 18. Qf4 Be8 19. h4 $36 {Vallejo Pons,F-Rustemov,A/ESP t-ch Mondariz
2002//1-0 (35)}) 13. h3 Bg7 14. Re1 O-O-O 15. Be3 Kb8 16. Bd4 Nxd4 17. Nxd4 h5
18. Rac1 g4 19. h4 f6 20. exf6 Bxf6 21. Nxe6 Bxe6 22. Qxe6 Bxh4 $11 {Nakamura,
H-Volkov,S/Wch KO Tripoli 2004//1-0 (74)}) 10... h6 11. h4 d4 12. O-O $5 dxc3
13. bxc3 {[%cal Ga1b1,Gb1b7]} Bc5 (13... Qa5 $5) 14. Qe2 Qc7 15. Rb1 {The
players have completed their development and now White is rushing to the
attack, nevertheless, the assessment of the position is not quite clear} O-O-O
{[%csl Rc8]} (15... Ne7 $5) 16. Be3 $5 Bxe3 (16... Nxe5 17. Bxc5 (17. Be4 Nxf3+
18. Qxf3 $36) 17... Nxd3 18. Bxa7 Nf4 19. Qb2 $16) 17. Qxe3 Kb8 (17... f5 $5 {
[%csl Ge4]}) 18. Be4 {[%csl Rb7]} (18. Rb2 $5 {[%cal Gf1b1]}) 18... Na5 19. Nd4
(19. Rb4 Bc6 20. Rfb1 Bxe4 21. Qxe4 b6 $14) 19... Nc4 (19... Qxe5 20. Rxb7+ $1
(20. Bxb7 $143 Qxe3 21. Be4+ Kc7 22. fxe3 f5 $13) 20... Nxb7 21. Rb1 Qc7 (21...
Be8 22. Rxb7+ Kc8 23. Rxa7 $18) 22. Bxb7 Qxb7 23. Qf4+ e5 24. Qxe5+ Kc8 25.
Rxb7 Kxb7 26. Qxg7 $18) 20. Qe1 (20. Qe2 $5) 20... Nb6 21. f4 Rc8 (21... g5 $5)
22. Rf3 f5 (22... g5 $5) 23. Bc2 (23. exf6 gxf6 $13) 23... Nd5 $132 24. Ne2 (
24. Bb3 Nxc3 25. Rb2 Qc5 26. Qe3) 24... g5 $1 {Immediately begins an offensive
against White's king.} 25. hxg5 hxg5 26. fxg5 Rh5 (26... Qxe5 $5 27. Qg3 f4 28.
Nxf4 Rxc3 29. Rxc3 Nxc3 30. Re1 $13) 27. g6 Rch8 {Black has accomplished his
strategical plan and stands better} (27... Rg5 $5 {[%cal Gg5g2]}) (27... Rg8 $5
) 28. g7 $1 Rg8 (28... Qc5+ $142 $5 29. Nd4 Rg8 $17) 29. Bb3 Qxe5 (29... Rxg7
30. Bxd5 exd5 31. Nf4 $132 {[%csl Ge5]}) 30. Bxd5 Qxd5 31. Qg3+ $6 {But this
is little bit too much - White takes too many risks in this game, trying to
win at any cost.} (31. Nf4 $1 Qc5+ 32. Qe3 Qxe3+ 33. Rxe3 Rg5 34. Nxe6 Bxe6 35.
Rxe6 R5xg7 36. Rb2 $11) 31... e5 32. Re3 f4 33. Nxf4 $1 exf4 34. Qxf4+ Kc8 ({
Volkov could try} 34... Ka8 $5 35. Qf8+ Bc8 {and things are not that simple
for White since he is walking in a very narrow path to equality:} 36. Re8 $1
Qc6 (36... Rh1+ $2 37. Kxh1 Qh5+ 38. Kg1 Qxe8 39. Qxe8 Rxe8 40. Rf1 $1 Be6 41.
Re1 $18) 37. Qxg8 Qc5+ 38. Kf1 Qf5+ 39. Ke2 Qc2+ 40. Ke3 Qxc3+ 41. Ke2 Qc2+ $11
) 35. Qf8+ Kc7 36. Qf4+ $11 Kc6 37. Qf6+ Kc7 38. Qf4+ Kc6 1/2-1/2

[Event "FIDE-Wch k.o."]
[Site "Tripoli"]
[Date "2004.06.20"]
[Round "1.4"]
[White "Volkov, Sergey"]
[Black "Nakamura, Hikaru"]
[Result "0-1"]
[WhiteElo "2629"]
[BlackElo "2580"]
[Annotator "Atlas,V"]
[PlyCount "130"]
[EventDate "2004.06.19"]
[EventType "k.o."]
[EventRounds "7"]
[EventCountry "LBY"]
[SourceTitle "CBM 102"]
[Source "ChessBase"]
[SourceDate "2004.09.23"]
[SourceVersion "1"]
[SourceVersionDate "2004.09.23"]
[SourceQuality "1"]

1. d4 Nf6 2. c4 g6 3. Nc3 Bg7 4. e4 d6 5. Be2 O-O 6. Nf3 e5 7. Be3 Na6 8. d5
Ng4 9. Bg5 f6 10. Bh4 h5 11. Nd2 Bd7 12. h3 Nh6 13. g4 hxg4 14. hxg4 Qe7 15.
Nf1 Nf7 16. Ne3 Bh6 17. Bd3 Kg7 18. Qe2 Rh8 19. O-O-O c5 20. a3 Nc7 21. Kb1 a6
22. f3 b5 23. Bf2 Rab8 24. cxb5 axb5 25. b4 Na6 26. Qb2 Rhc8 27. Be2 Rb7 28.
Rc1 Bf4 29. Rc2 Qe8 30. Na2 Rbc7 31. Ng2 Bh6 32. Be3 Bxe3 33. Nxe3 Qe7 34. Bd1
Rh8 35. Rch2 Rcc8 36. Rxh8 Rxh8 37. Rxh8 Kxh8 38. Nc3 cxb4 39. axb4 Qd8 40.
Qh2+ Kg7 41. Nc2 Qb6 42. Kb2 Ng5 43. Kb3 Nc7 44. Be2 Qa7 45. Qg2 Kf7 46. Qf1
Qb6 47. Qa1 Ke7 48. Qa5 Qb7 49. Na3 f5 50. gxf5 gxf5 51. Nc2 $2 ({This
careless move allows Black to get decisive advantage by means of a nice
"petite combinaison". Diese Unvorsichtigkeit erlaubt Schwarz, mit einer
"petite combinaison" entscheidend in Vorteil zu kommen.} 51. Kb2 {was to be
preferred. war vorzuziehen.}) 51... fxe4 52. fxe4 {[%tqu "En","White was
obviously convinced of the invulnerability of his pawn chain in the center.
Yet, Black managed to prove the opposite. Can you do it too?","White's central
pawn bastions are the main target of Black's attack.","Use your g5-knight for
the decisive blow.","g5e4","This spectacular blow yields Black decisive
material advantage.",5,"De","Weiß war offensichtlich überzeugt, dass seine
Bauernkette im Zentrum unantastbar ist. Doch Schwarz konnte das Gegenteil
beweisen. Sie auch?","Die weißen Zentralbauernbastionen bilden das Hauptziel
des schwarzen Angriffs.","Versetzen Sie mit Ihrem Springer g5 den
Entscheidungsschlag.","g5e4","Dieser spektakuläre Schlag bringt Schwarz
entscheidenden Materialvorteil ein.",5]} Nxe4 $1 {[%csl Rb3,Gb7,Rc3,Rd5,Ge4]
[%cal Gb7e4] Destroying White's central bastions and obtaining decisive
material advantage. Zerschlägt die weißen Zentrumsbastionen und führt zu
entscheidendem Materialvorteil.} 53. Nxe4 Qxd5+ 54. Kb2 Qxe4 55. Bd1 ({After
Nach} 55. Qxc7 Qxe2 {White's position is hopeless. ist die weiße Stellung
hoffnungslos.}) 55... Ne6 56. Qa3 Nd4 57. Qg3 Kd8 58. Ne3 Kc7 59. Qe1 Nc6 60.
Bb3 Qd4+ 61. Ka3 Nxb4 $1 {Winning the third pawn. Gewinnt den dritten Bauern.}
62. Qc1+ Bc6 63. Qg1 Nd3 64. Qg7+ Kb6 65. Nd1 Qa1+ (65... Qa1+ {, forcing mate
in two: erzwingt ein Matt in zwei Zügen:} 66. Ba2 Qc1+ 67. Kb3 Bd5#) 0-1

[Event "Western States op"]
[Site "Reno"]
[Date "2004.10.15"]
[Round "1"]
[White "Nakamura, Hikaru"]
[Black "Casella, Michael"]
[Result "1-0"]
[WhiteElo "2676"]
[BlackElo "2329"]
[PlyCount "49"]
[EventDate "2004.10.15"]
[EventType "swiss"]
[EventRounds "6"]
[EventCountry "USA"]
[SourceTitle "EXT 2009"]
[Source "ChessBase"]
[SourceDate "2008.11.26"]
[SourceVersion "1"]
[SourceVersionDate "2008.11.26"]
[SourceQuality "1"]

1. e4 e5 2. Nf3 Nc6 3. Bb5 a6 4. Ba4 Nf6 5. O-O Be7 6. Re1 b5 7. Bb3 O-O 8. c3
d5 9. exd5 Nxd5 10. Nxe5 Nxe5 11. Rxe5 c6 12. d3 Bd6 13. Re1 Qh4 14. g3 Qh3 15.
Re4 Qf5 16. Nd2 Qg6 17. a4 Bf5 18. axb5 axb5 19. Rxa8 Rxa8 20. Re1 Bxd3 21. Nf3
h6 22. Nd4 Ra1 23. Nxc6 Nf4 24. Bxf4 Rxd1 25. Rxd1 1-0

[Event "Western States op"]
[Site "Reno"]
[Date "2004.10.15"]
[Round "2"]
[White "Vavrak, Peter"]
[Black "Nakamura, Hikaru"]
[Result "0-1"]
[WhiteElo "2487"]
[BlackElo "2676"]
[PlyCount "128"]
[EventDate "2004.10.15"]
[EventType "swiss"]
[EventRounds "6"]
[EventCountry "USA"]
[SourceTitle "EXT 2009"]
[Source "ChessBase"]
[SourceDate "2008.11.26"]
[SourceVersion "1"]
[SourceVersionDate "2008.11.26"]
[SourceQuality "1"]

1. d4 Nf6 2. c4 e6 3. Nf3 b6 4. g3 Ba6 5. b3 Bb4+ 6. Bd2 Be7 7. Bg2 c6 8. Bc3
d5 9. Ne5 O-O 10. O-O Nfd7 11. Nxd7 Nxd7 12. Nd2 Nf6 13. e4 Rc8 14. Re1 Qd7 15.
a4 Ne8 16. Ra2 Nc7 17. a5 dxc4 18. bxc4 b5 19. Nf3 Rfd8 20. Rd2 bxc4 21. Qa1
Nb5 22. Ne5 Qc7 23. Rb1 Rb8 24. Rdd1 Bf6 25. Ng4 Be7 26. Ne5 Nxc3 27. Qxc3 Rxb1
28. Rxb1 Qd6 29. Nxc4 Qxd4 30. Qxd4 Rxd4 31. Ne5 Bb5 32. Bf1 Rb4 33. Rd1 Rxe4
34. Bxb5 Rxe5 35. Rd7 Ba3 36. Bxc6 Rxa5 37. Rb7 Kf8 38. Rb8+ Ke7 39. Rb7+ Kf6
40. Be8 Be7 41. Rc7 g5 42. g4 Ra2 43. f4 h6 44. h4 Ra5 45. fxg5+ hxg5 46. h5
Rd5 47. Kg2 Rd8 48. Bd7 a5 49. Ra7 Bb4 50. Kf3 Rb8 51. Bc6 Rc8 52. Bb5 Rc3+ 53.
Kg2 Rc8 54. Kf3 Rd8 55. Kg3 Rb8 56. Ba4 Bd6+ 57. Kf3 Rb4 58. Be8 Rf4+ 59. Ke2
Be7 60. Rxa5 Rxg4 61. Ra1 Rg2+ 62. Kf3 Rh2 63. Rf1 Bd6 64. Rf2 Rh4 0-1

[Event "Western States op"]
[Site "Reno"]
[Date "2004.10.16"]
[Round "3"]
[White "Nakamura, Hikaru"]
[Black "Wojtkiewicz, Aleksander"]
[Result "1-0"]
[WhiteElo "2676"]
[BlackElo "2590"]
[PlyCount "120"]
[EventDate "2004.10.15"]
[EventType "swiss"]
[EventRounds "6"]
[EventCountry "USA"]
[SourceTitle "EXT 2009"]
[Source "ChessBase"]
[SourceDate "2008.11.26"]
[SourceVersion "1"]
[SourceVersionDate "2008.11.26"]
[SourceQuality "1"]

1. e4 c5 2. Nf3 g6 3. d4 cxd4 4. Nxd4 Nc6 5. c4 Nf6 6. Nc3 d6 7. Be2 Nxd4 8.
Qxd4 Bg7 9. Bg5 O-O 10. Qe3 Qb6 11. Qxb6 axb6 12. f3 Be6 13. Kd2 Rfc8 14. b3
Kf8 15. a4 Nd7 16. Bd3 Ne5 17. Rac1 Nxd3 18. Kxd3 Bxc3 19. Kxc3 Ke8 20. Kb4 Kd7
21. Rhd1 f6 22. Be3 Kc7 23. g4 h5 24. g5 Rf8 25. Rc3 Kc6 26. gxf6 Rxf6 27. Bg5
Rf7 28. h4 Raf8 29. f4 Ra8 30. Re3 Bg4 31. Rd5 Be6 32. Rd2 Ra5 33. f5 Bd7 34.
f6 Rxg5 35. hxg5 exf6 36. Red3 fxg5 37. Rxd6+ Kc7 38. Rxg6 g4 39. Rh6 Bc6 40.
Re2 Rg7 41. Rxh5 g3 42. Rh1 Rg4 43. Rh7+ Kd6 44. e5+ Ke6 45. Rh6+ Ke7 46. Re1
g2 47. Rg1 Rg3 48. Ka3 Rg5 49. b4 Rg3+ 50. Kb2 Bxa4 51. b5 Rb3+ 52. Kc1 Rc3+
53. Kd2 Rxc4 54. Rxb6 Rc5 55. Rxb7+ Ke6 56. b6 Kxe5 57. Re7+ Kd6 58. b7 Rb5 59.
Rh7 Bb3 60. Rxg2 Bd5 1-0

[Event "Western States op"]
[Site "Reno"]
[Date "2004.10.16"]
[Round "4"]
[White "Nakamura, Hikaru"]
[Black "Kudrin, Sergey"]
[Result "1-0"]
[WhiteElo "2676"]
[BlackElo "2607"]
[PlyCount "175"]
[EventDate "2004.10.15"]
[EventType "swiss"]
[EventRounds "6"]
[EventCountry "USA"]
[SourceTitle "EXT 2009"]
[Source "ChessBase"]
[SourceDate "2008.11.26"]
[SourceVersion "1"]
[SourceVersionDate "2008.11.26"]
[SourceQuality "1"]

1. e4 c5 2. Nf3 g6 3. d4 cxd4 4. Nxd4 Nf6 5. Nc3 d6 6. Bc4 Bg7 7. Bb3 Nc6 8.
Nxc6 bxc6 9. e5 dxe5 10. Qxd8+ Kxd8 11. Bg5 Kc7 12. O-O-O Rf8 13. Rhe1 h6 14.
Bd2 Nd7 15. Na4 a5 16. f4 h5 17. Kb1 Nb6 18. Nxb6 Kxb6 19. Be3+ Kc7 20. fxe5 a4
21. Bc4 Be6 22. Bxe6 fxe6 23. Bc5 Rad8 24. Rxd8 Rxd8 25. Bb4 Rd5 26. Bxe7 Rxe5
27. Rxe5 Bxe5 28. h3 Kb6 29. c4 Bd4 30. b3 axb3 31. axb3 e5 32. Kc2 e4 33. b4
c5 34. b5 Kb7 35. Kd2 Kc7 36. Ke2 Kb6 37. Kf1 Be3 38. g3 Bd4 39. Kg2 Be3 40.
Bd6 Kb7 41. Bf4 Bd4 42. Bd2 Be5 43. Be1 Kb6 44. Bd2 Kb7 45. Bf4 Bf6 46. g4 hxg4
47. hxg4 Bd4 48. g5 Kb6 49. Kg3 Kb7 50. Kg4 Kb6 51. Bd2 Be5 52. Be3 Bh2 53. Bf2
Be5 54. Bg3 Bc3 55. Kf4 Bd2+ 56. Kxe4 Bxg5 57. Ke5 Be3 58. Ke6 g5 59. Kf5 Bd2
60. Be5 Be3 61. Bf6 g4 62. Kxg4 Bf2 63. Kf3 Be1 64. Ke4 Bf2 65. Bg5 Bd4 66. Be3
Bc3 67. Kd3 Be1 68. Bd2 Bf2 69. Bc3 Bg1 70. Ke2 Bh2 71. Kf3 Bg1 72. Be5 Kb7 73.
Bf4 Kb6 74. Be3 Bh2 75. Ke4 Bd6 76. Kd5 Be7 77. Ke6 Bf8 78. Kd7 Bg7 79. Kc8 Be5
80. Bg5 Ka5 81. Bd8+ Kb4 82. b6 Kxc4 83. b7 Kd3 84. Bc7 Bxc7 85. Kxc7 c4 86.
b8=Q c3 87. Kc6 c2 88. Qf4 1-0

[Event "Western States op"]
[Site "Reno"]
[Date "2004.10.17"]
[Round "5"]
[White "Yermolinsky, Alex"]
[Black "Nakamura, Hikaru"]
[Result "0-1"]
[WhiteElo "2642"]
[BlackElo "2676"]
[PlyCount "114"]
[EventDate "2004.10.15"]
[EventType "swiss"]
[EventRounds "6"]
[EventCountry "USA"]
[SourceTitle "EXT 2009"]
[Source "ChessBase"]
[SourceDate "2008.11.26"]
[SourceVersion "1"]
[SourceVersionDate "2008.11.26"]
[SourceQuality "1"]

1. Nf3 d5 2. c4 d4 3. e3 Nc6 4. exd4 Nxd4 5. Nxd4 Qxd4 6. Nc3 c6 7. d3 Nh6 8.
Be2 g6 9. h3 Bg7 10. Be3 Qd6 11. g4 f5 12. Qd2 Nf7 13. d4 f4 14. Bxf4 Qxd4 15.
Qxd4 Bxd4 16. Rd1 e5 17. Be3 Bxe3 18. fxe3 Ke7 19. Ne4 Be6 20. Nc5 Nd6 21. b3
Raf8 22. g5 Bc8 23. Bg4 Bf5 24. Rh2 Rf7 25. Nd3 Bxd3 26. Rxd3 Rhf8 27. Be2 Ne4
28. h4 Rf2 29. Rxf2 Nxf2 30. Rd2 Ne4 31. Rd1 Ng3 32. Bg4 Rf1+ 33. Kd2 Ne4+ 34.
Kc1 Rxd1+ 35. Bxd1 Ng3 36. Kd2 Nf5 37. h5 gxh5 38. Bxh5 Ng7 39. g6 h6 40. Bf3
Kf6 41. Be4 Nh5 42. c5 Ng3 43. Bg2 Kxg6 44. b4 Kf6 45. Bh3 Ne4+ 46. Ke1 Nc3 47.
a3 Ke7 48. Bc8 b6 49. cxb6 axb6 50. Bf5 b5 51. Kd2 Nd5 52. Bg6 Nb6 53. Kc3 Nc4
54. a4 Nxe3 55. axb5 cxb5 56. Bd3 Nc4 57. Be2 Nd6 0-1